| 000 | 01144 a2200337 4500 | ||
|---|---|---|---|
| 001 | 200421747 | ||
| 999 |
_c200421747 _d27069 |
||
| 003 | TR-AnTOB | ||
| 005 | 20241010155235.0 | ||
| 008 | 150406b tu 000 0 | ||
| 040 |
_aTR-AnTOB _btur _erda |
||
| 041 | 0 | _atur | |
| 050 | 0 | 0 |
_aPN5355.T9 _bS26 2005 |
| 090 | _aPN5355.T9 S26 2005 | ||
| 100 | 1 |
_aŞahin, Enis _939176 |
|
| 245 | 1 | 0 |
_aSakarya basın tarihi, 1919-2004 / _cEnis Şahin. |
| 264 |
_aSakarya: _bSakarya Gazeteciler Cemiyeti, _c2005. |
||
| 300 |
_a126 sayfa _bill. ; _c28 cm. |
||
| 336 |
_atext _2rdacontent |
||
| 337 |
_aunmediated _2rdamedia |
||
| 338 |
_avolume _2rdacarrier |
||
| 504 | _aIncludes bibliographical references (p. [423]-445). | ||
| 650 | 0 | 0 |
_aBasın _zTürkiye _zSakarya _xTarih _9105424 |
| 650 | 0 | 0 |
_aPress _zTurkey _zSakarya _xHistory _9105425 |
| 650 | 0 | 0 |
_aTürk gazeteleri _zTürkiye _zSakarya _xTarih _9105426 |
| 650 | 0 | 0 |
_aTurkish newspapers _zTurkey _zSakarya _xHistory _9105427 |
| 650 | 0 | 0 |
_aTurkish periodicals _zTurkey _zSakarya _xHistory _9105428 |
| 651 | 0 | 0 |
_aSakarya İli (Türkiye) _xTarih _9105429 |
| 651 | 0 | 0 |
_aSakarya İli (Turkey) _xHistory _9105430 |
| 942 | _cBK | ||